[Event "Moscow Chmp. b15 2016"]
[Site "ÐœÐ¾Ñ�ÐºÐ²Ð°"]
[Date "2016.11.13"]
[Round "2.5"]
[White "Zhuk, Kirill"]
[Black "Makarian, Rudik"]
[Result "0-1"]
[WhiteElo "1548"]
[BlackElo "1980"]
[PlyCount "60"]
[EventDate "2016.11.12"]

1. e4 e6 2. d3 d5 3. Nd2 Nc6 4. Ngf3 Bc5 5. g3 Nf6 6. Bg2 O-O 7. O-O dxe4 8.
dxe4 e5 9. Qe2 a5 10. Nc4 Qe7 11. Bg5 b6 12. Rfd1 Ba6 13. Bh3 Rad8 14. Nh4 Nd4
15. Rxd4 exd4 16. e5 Bxc4 17. Qxc4 Qxe5 18. Bf4 Qd5 19. Qd3 Qe4 20. Qd2 Bb4 21.
Qc1 d3 22. cxd3 Qxd3 23. Bxc7 Rd4 24. Bxb6 Rxh4 25. Bf1 Qg6 26. Bg2 Rh5 27. a3
Bd6 28. Qd2 Bc5 29. Bxc5 Rxc5 30. b4 Rc2 0-1

[Event "Moscow Chmp. b15 2016"]
[Site "ÐœÐ¾Ñ�ÐºÐ²Ð°"]
[Date "2016.11.13"]
[Round "2.6"]
[White "Ajrapetov, Andrey"]
[Black "Kambur, Evgeny"]
[Result "0-1"]
[WhiteElo "1499"]
[BlackElo "1926"]
[PlyCount "71"]
[EventDate "2016.11.12"]

1. d4 Nf6 2. c4 e6 3. Nc3 Bb4 4. f3 d5 5. a3 Bxc3+ 6. bxc3 c5 7. e3 Nc6 8. Bd3
cxd4 9. cxd4 e5 10. Ne2 exd4 11. Nxd4 Nxd4 12. exd4 O-O 13. O-O dxc4 14. Bxc4
Be6 15. Bxe6 fxe6 16. Re1 Qd7 17. Kh1 Nd5 18. Qe2 Rf6 19. Bd2 Rg6 20. Rab1 Rf6
21. Qb5 Qxb5 22. Rxb5 b6 23. a4 Rc8 24. Rb2 Rc4 25. a5 Rxd4 26. h3 Rc4 27. axb6
axb6 28. Bg5 Rf5 29. Bd8 Rc6 30. Reb1 Kf7 31. Bxb6 Rf4 32. Bf2 Rfc4 33. Rb7+
Kf6 34. Re1 Rc1 35. Bd4+ Kf5 36. Be5 {íå ïîíÿòíî} 0-1

[Event "Moscow Chmp. b15 2016"]
[Site "ÐœÐ¾Ñ�ÐºÐ²Ð°"]
[Date "2016.11.13"]
[Round "2.7"]
[White "Lupolov, Boris"]
[Black "Morozov, Fedor"]
[Result "0-1"]
[WhiteElo "1918"]
[BlackElo "1536"]
[PlyCount "38"]
[EventDate "2016.11.12"]

1. d4 e6 2. c4 d5 3. Nf3 Nf6 4. Bg5 Be7 5. e3 O-O 6. Nc3 b6 7. Qc2 Bb7 8. cxd5
exd5 9. Bd3 Nbd7 10. O-O a6 11. Rfd1 c5 12. dxc5 bxc5 13. Bf5 Nb6 14. Bxf6 Bxf6
15. Bxh7+ Kh8 16. Bf5 Qc7 17. Rac1 d4 18. Ne4 Bxe4 19. Bxe4 Rae8 {íå ïîíÿòíî}
0-1

[Event "Moscow Chmp. b15 2016"]
[Site "ÐœÐ¾Ñ�ÐºÐ²Ð°"]
[Date "2016.11.13"]
[Round "2.8"]
[White "Ivanov, Egor"]
[Black "Gagarin, Vasily"]
[Result "0-1"]
[WhiteElo "1354"]
[BlackElo "1913"]
[PlyCount "25"]
[EventDate "2016.11.12"]

1. d4 Nf6 2. Nf3 d6 3. Bf4 g6 4. e3 Bg7 5. Be2 O-O 6. c3 b6 7. O-O Bb7 8. h3
Nbd7 9. Nbd2 e6 10. Qc1 Qe7 11. Bh2 Rfe8 12. Qc2 Rac8 13. Nc4 {íå ïîíÿòíî} 0-1

[Event "Moscow Chmp. b15 2016"]
[Site "ÐœÐ¾Ñ�ÐºÐ²Ð°"]
[Date "2016.11.13"]
[Round "2.9"]
[White "Perov, German"]
[Black "Sorokin, Mikhael"]
[Result "1-0"]
[WhiteElo "1875"]
[BlackElo "1398"]
[PlyCount "55"]
[EventDate "2016.11.12"]

1. e4 e6 2. d4 d5 3. exd5 exd5 4. c4 Nf6 5. Nc3 Be6 6. cxd5 Nxd5 7. Bd3 Be7 8.
Nf3 h6 9. O-O Nd7 10. Re1 N7f6 11. Ne5 c6 12. Ng6 Rg8 13. Ne5 Qc7 14. Nxd5 Nxd5
15. Qa4 Nb6 16. Qc2 Nd5 17. Bd2 Bb4 18. Nxf7 Kxf7 19. Bg6+ Kf6 20. Rxe6+ Kxe6
21. Qf5+ Ke7 22. Bxb4+ Nxb4 23. Qc5+ Qd6 24. Re1+ Kd7 25. Bf5+ Kc7 26. Re7+
Qxe7 27. Qxe7+ Kb8 28. Qc5 1-0

[Event "Moscow Chmp. b15 2016"]
[Site "ÐœÐ¾Ñ�ÐºÐ²Ð°"]
[Date "2016.11.13"]
[Round "2.14"]
[White "Orlov, Aleksandr"]
[Black "Dudin, Gleb"]
[Result "0-1"]
[WhiteElo "1449"]
[BlackElo "2118"]
[PlyCount "72"]
[EventDate "2016.11.12"]

1. e4 d6 2. d4 g6 3. Be3 Bg7 4. c3 Nf6 5. Nd2 O-O 6. Bc4 a6 7. h3 b5 8. Bb3 Bb7
9. Bc2 Nbd7 10. Ngf3 c5 11. O-O e5 12. d5 h6 13. Re1 Qe7 14. Nf1 Bc8 15. Ng3
Rb8 16. Qd2 Kh7 17. Nh2 Nb6 18. b3 a5 19. f4 exf4 20. Bxf4 b4 21. c4 Nfd7 22.
Rad1 Ne5 23. Qf2 Nbd7 24. Nf3 a4 25. Ne2 axb3 26. Bxb3 Ba6 27. Bxe5 Nxe5 28.
Nxe5 Bxe5 29. g4 Qg5 30. Qg2 Bc8 31. Rd3 Bd7 32. Rf3 f6 33. Ref1 Rf7 34. Ng3
Rg7 35. Bc2 h5 36. Ne2 hxg4 {íå ïîíÿòíî} 0-1

[Event "Moscow Chmp. b15 2016"]
[Site "ÐœÐ¾Ñ�ÐºÐ²Ð°"]
[Date "2016.11.13"]
[Round "2.15"]
[White "Zhukov, Anton"]
[Black "Presnyakov, Oleg"]
[Result "1-0"]
[WhiteElo "1959"]
[BlackElo "1370"]
[PlyCount "97"]
[EventDate "2016.11.12"]

1. d4 Nf6 2. c4 g6 3. Nc3 Bg7 4. Nf3 d6 5. g3 Bg4 6. Bg2 O-O 7. O-O Nbd7 8. h3
Bxf3 9. Bxf3 c6 10. e4 Ne8 11. Be3 Nc7 12. Qe2 f5 13. exf5 Rxf5 14. Bg2 e6 15.
Rad1 Qe7 16. Ne4 d5 17. Nc3 Raf8 18. Bf4 Ne8 19. cxd5 cxd5 20. Nxd5 Qf7 21. Ne3
Ra5 22. Ng4 Nef6 23. Nxf6+ Nxf6 24. b3 Nd5 25. Qd2 b6 26. Be3 Rc8 27. Bxd5 Rxd5
28. Rc1 Rcd8 29. Bg5 Rxd4 30. Qe3 Rf8 31. Bf4 Rd5 32. Rc7 Qf5 33. Bh6 Bd4 34.
Qf4 Qxf4 35. Bxf4 Rdf5 36. Rc2 g5 37. Bc1 Rf3 38. Kg2 R3f5 39. Bb2 Bc5 40. Re2
h5 41. a3 a5 42. f3 Re8 43. Rd1 Rf7 44. Re5 Rf5 45. Re4 Kf7 46. Rd7+ Re7 47.
Rxe7+ Bxe7 48. Re2 Rd5 49. Bc1 {íå ïîíÿòíî} 1-0

[Event "Moscow Chmp. b15 2016"]
[Site "ÐœÐ¾Ñ�ÐºÐ²Ð°"]
[Date "2016.11.13"]
[Round "2.17"]
[White "Smelykh, Edvin"]
[Black "Maksimenko, Arseniy"]
[Result "0-1"]
[WhiteElo "1715"]
[BlackElo "1603"]
[PlyCount "89"]
[EventDate "2016.11.12"]

1. e4 e6 2. d4 d5 3. Nd2 Nc6 4. c3 Nf6 5. e5 Nd7 6. Bd3 b6 7. f4 Bb7 8. Ngf3 f6
9. O-O Qe7 10. Qa4 a6 11. Qc2 f5 12. Qd1 h6 13. Nb3 Qf7 14. Qe1 Be7 15. Qg3
O-O-O 16. Be3 Rdg8 17. h4 Nf8 18. Kf2 Nh7 19. Rh1 g6 20. a4 Rg7 21. a5 b5 22.
Nc5 Rhg8 23. Rhg1 g5 24. hxg5 hxg5 25. Nxg5 Nxg5 26. fxg5 Bxg5 27. Bxg5 Rxg5
28. Qf3 Rg3 29. Qxg3 Rxg3 30. Kxg3 Qg8+ 31. Kf2 Nb8 32. Rh1 Nd7 33. Nxd7 Kxd7
34. b4 Qg5 35. Rad1 Kc6 36. Be2 Bc8 37. Bf3 f4 38. Ke2 Bd7 39. Kd2 Be8 40. Kc1
Bg6 41. Kb2 Be4 42. Rdg1 Qg3 43. Re1 Bxf3 44. Rhf1 Qxg2+ 45. Kb3 0-1

[Event "Moscow Chmp. b15 2016"]
[Site "ÐœÐ¾Ñ�ÐºÐ²Ð°"]
[Date "2016.11.13"]
[Round "2.18"]
[White "Sekoyan, Vachagan"]
[Black "Lukyanenko, Artemiy"]
[Result "0-1"]
[WhiteElo "1655"]
[BlackElo "1686"]
[PlyCount "31"]
[EventDate "2016.11.12"]

1. e4 e6 2. d4 d5 3. e5 c5 4. c3 Nc6 5. Nf3 Bd7 6. a3 cxd4 7. cxd4 Nge7 8. Be3
Nf5 9. b4 Rc8 10. Bd3 Be7 11. Nbd2 O-O 12. O-O Qb6 13. Nb3 Nb8 14. Qd2 Bb5 15.
Rfc1 Bc6 16. Nc5 {íå ïîíÿòíî} 0-1

[Event "Moscow Chmp. b15 2016"]
[Site "ÐœÐ¾Ñ�ÐºÐ²Ð°"]
[Date "2016.11.13"]
[Round "2.19"]
[White "Bregman, Ilya"]
[Black "Ivlev, Aleksandr"]
[Result "0-1"]
[WhiteElo "1835"]
[BlackElo "1612"]
[PlyCount "33"]
[EventDate "2016.11.12"]

1. d4 Nf6 2. c4 e6 3. a3 d5 4. Nc3 Be7 5. Bg5 O-O 6. e3 Nbd7 7. Bd3 dxc4 8.
Bxc4 c5 9. dxc5 Nxc5 10. Qc2 b6 11. b4 Ncd7 12. Nf3 Bb7 13. Rd1 Bxf3 14. gxf3
Qc7 15. Nb5 Qb7 16. Be2 Rac8 17. Qb2 {íå ïîíÿòíî} 0-1

[Event "Moscow Chmp. b15 2016"]
[Site "ÐœÐ¾Ñ�ÐºÐ²Ð°"]
[Date "2016.11.13"]
[Round "2.20"]
[White "Zakirov, Artur"]
[Black "Vinokur, Leonid"]
[Result "1/2-1/2"]
[WhiteElo "1824"]
[BlackElo "1594"]
[PlyCount "44"]
[EventDate "2016.11.12"]

1. e4 e6 2. d4 d5 3. Nc3 Bb4 4. e5 c5 5. a3 Bxc3+ 6. bxc3 Ne7 7. Qg4 Qc7 8. Bd3
cxd4 9. Ne2 dxc3 10. Qxg7 Rg8 11. Qf6 Nd7 12. Qh6 Qxe5 13. Bf4 Qf6 14. Qxf6
Nxf6 15. Be5 Nd7 16. Bxc3 Ng6 17. h4 Nc5 18. h5 Nxd3+ 19. cxd3 Ne7 20. Ng3 Nf5
21. Nxf5 exf5 22. g3 Be6 {íå ïîíÿòíî} 1/2-1/2

[Event "Moscow Chmp. b15 2016"]
[Site "ÐœÐ¾Ñ�ÐºÐ²Ð°"]
[Date "2016.11.13"]
[Round "2.21"]
[White "Makhauri, Eli"]
[Black "Gavrilov, Victor"]
[Result "1/2-1/2"]
[WhiteElo "1596"]
[BlackElo "1795"]
[PlyCount "50"]
[EventDate "2016.11.12"]

1. d4 Nf6 2. Nc3 d5 3. Bg5 c5 4. e3 h6 5. Bh4 e6 6. Nf3 Nc6 7. Be2 Be7 8. O-O
O-O 9. a3 b6 10. Re1 Bb7 11. Bd3 Rc8 12. Bg3 c4 13. Bf1 Na5 14. Nd2 Qd7 15. f3
Nc6 16. Qe2 a6 17. Rab1 b5 18. Bf2 e5 19. dxe5 Nxe5 20. h3 Rfe8 21. f4 Ng6 22.
Nf3 b4 23. axb4 Bxb4 24. g3 Bxc3 25. bxc3 Ne4 1/2-1/2

[Event "Moscow Chmp. b15 2016"]
[Site "ÐœÐ¾Ñ�ÐºÐ²Ð°"]
[Date "2016.11.13"]
[Round "2.22"]
[White "Dmitriev, Leonid"]
[Black "Sakhin, Leonid"]
[Result "1-0"]
[WhiteElo "1734"]
[BlackElo "1563"]
[PlyCount "55"]
[EventDate "2016.11.12"]

1. d4 e6 2. c4 d5 3. Nf3 Nf6 4. g3 b6 5. Bg2 Bb7 6. Nbd2 Be7 7. O-O O-O 8. Re1
Nbd7 9. b3 c5 10. Bb2 Rc8 11. Rc1 Re8 12. e3 Bf8 13. Qe2 Rc7 14. Rc2 Qc8 15.
Rec1 Ba6 16. e4 dxe4 17. Ng5 Be7 18. Ndxe4 Nxe4 19. Nxe4 Bb7 20. Rd1 Rd8 21.
Rcd2 Qa8 22. dxc5 f5 23. Nd6 Nxc5 24. Bxb7 Rxb7 25. Nxb7 Rxd2 26. Qxd2 Qxb7 27.
b4 Ne4 28. Qd7 1-0

[Event "Moscow Chmp. b15 2016"]
[Site "ÐœÐ¾Ñ�ÐºÐ²Ð°"]
[Date "2016.11.13"]
[Round "2.23"]
[White "Sharapov, Mihail"]
[Black "Plaksin, Igor"]
[Result "1-0"]
[WhiteElo "1564"]
[BlackElo "1712"]
[PlyCount "40"]
[EventDate "2016.11.12"]

1. d4 Nf6 2. Nf3 d5 3. Bf4 e6 4. e3 c5 5. c4 a6 6. Nc3 dxc4 7. Bxc4 b5 8. Be2
Bb7 9. O-O Be7 10. dxc5 Qxd1 11. Rfxd1 Bxc5 12. Rac1 Nbd7 13. Ne5 Nxe5 14. Bxe5
Rc8 15. Nxb5 O-O 16. Nd6 Bxd6 17. Bxd6 Rxc1 18. Rxc1 Rd8 19. Be7 Rd7 20. Bxf6
gxf6 {íå ïîíÿòíî} 1-0

[Event "Moscow Chmp. b15 2016"]
[Site "ÐœÐ¾Ñ�ÐºÐ²Ð°"]
[Date "2016.11.13"]
[Round "2.24"]
[White "Ivanov-Chernets, Kirill"]
[Black "Nikolaev, Daniil"]
[Result "1/2-1/2"]
[WhiteElo "1538"]
[BlackElo "1705"]
[PlyCount "47"]
[EventDate "2016.11.12"]

1. d4 d5 2. Nf3 Nf6 3. e3 Bg4 4. c4 e6 5. h3 Bh5 6. Be2 Be7 7. O-O O-O 8. b3
Nbd7 9. Bb2 c5 10. Ne5 Bxe2 11. Qxe2 cxd4 12. exd4 Ne4 13. Nc3 Nxe5 14. Nxe4
Nc6 15. Ng3 Bf6 16. Rfd1 Qb6 17. Qg4 g6 18. Nh5 Bg7 19. Nxg7 Kxg7 20. c5 Qd8
21. Bc3 a5 22. a3 b5 23. Bb2 Qf6 24. Ra2 {íå ïîíÿòíî} 1/2-1/2

[Event "Moscow Chmp. b15 2016"]
[Site "ÐœÐ¾Ñ�ÐºÐ²Ð°"]
[Date "2016.11.13"]
[Round "2.25"]
[White "Abduraimov, Esmet"]
[Black "Gornostaev, Yakov"]
[Result "0-1"]
[WhiteElo "1687"]
[BlackElo "1496"]
[PlyCount "68"]
[EventDate "2016.11.12"]

1. e4 e6 2. d4 d5 3. Nc3 Bb4 4. e5 Ne7 5. a3 Bxc3+ 6. bxc3 c5 7. Qg4 O-O 8. Bg5
Nd7 9. Bd3 f5 10. Qh4 Re8 11. g4 Nf8 12. gxf5 exf5 13. Nh3 Qc7 14. Bd2 Neg6 15.
Qg3 c4 16. Be2 Ne6 17. Bf3 Qa5 18. Be3 Rf8 19. Nf4 Ngxf4 20. Bxf4 Nxd4 21.
Bxd5+ Qxd5 22. cxd4 Qxd4 23. Ke2 Qe4+ 24. Qe3 Qxc2+ 25. Kf3 Rd8 26. Rac1 Qd3
27. Rhd1 Qxe3+ 28. Bxe3 Be6 29. Rxd8+ Rxd8 30. Bxa7 Rd3+ 31. Kg2 Rxa3 32. Bd4
Rd3 33. Bb2 b5 34. Bc3 b4 {íå ïîíÿòíî} 0-1

[Event "Moscow Chmp. b15 2016"]
[Site "ÐœÐ¾Ñ�ÐºÐ²Ð°"]
[Date "2016.11.13"]
[Round "2.26"]
[White "Plaksin, Daniil"]
[Black "Lutan, Gleb"]
[Result "1/2-1/2"]
[WhiteElo "1681"]
[BlackElo "1446"]
[PlyCount "35"]
[EventDate "2016.11.12"]

1. e4 c6 2. d4 d5 3. e5 Bf5 4. Nc3 e6 5. g4 Bg6 6. Nge2 h6 7. Nf4 Bh7 8. Bd3
Bxd3 9. Qxd3 Nd7 10. O-O c5 11. Nfe2 cxd4 12. Qxd4 Bc5 13. Qf4 Ne7 14. Na4 Ng6
15. Qg3 a6 16. Be3 b5 17. Nxc5 Nxc5 18. Bxc5 {íå ïîíÿòíî} 1/2-1/2

[Event "Moscow Chmp. b15 2016"]
[Site "ÐœÐ¾Ñ�ÐºÐ²Ð°"]
[Date "2016.11.13"]
[Round "2.27"]
[White "Khuranov, Aynar"]
[Black "Beliuga, Mikhail"]
[Result "0-1"]
[WhiteElo "1440"]
[BlackElo "1655"]
[PlyCount "39"]
[EventDate "2016.11.12"]

1. e4 c6 2. d3 d5 3. Nd2 e5 4. Ngf3 Bd6 5. g3 f5 6. Bh3 fxe4 7. Bxc8 Qxc8 8.
dxe4 Nf6 9. exd5 cxd5 10. h3 Nc6 11. Qe2 O-O 12. c4 e4 13. Nh4 Nd4 14. Qd1 e3
15. Ndf3 exf2+ 16. Kxf2 Ne4+ 17. Kg2 Qxc4 18. Qxd4 Qe2+ 19. Kg1 Bc5 20. Be3 0-1

[Event "Moscow Chmp. b15 2016"]
[Site "ÐœÐ¾Ñ�ÐºÐ²Ð°"]
[Date "2016.11.13"]
[Round "2.28"]
[White "Pavlov, Ivan"]
[Black "Kozhukhov, Aleksandr"]
[Result "0-1"]
[WhiteElo "1393"]
[BlackElo "1634"]
[PlyCount "31"]
[EventDate "2016.11.12"]

1. e4 c5 2. c3 d6 3. d4 cxd4 4. cxd4 Nf6 5. Nc3 g6 6. Nf3 Bg7 7. Be2 O-O 8. O-O
a6 9. a3 b5 10. b4 Bb7 11. Qd3 Nbd7 12. Bg5 Rc8 13. Rfc1 Nb6 14. Qe3 Nc4 15.
Bxc4 Rxc4 16. Rf1 {íå ïîíÿòíî} 0-1

[Event "Moscow Chmp. b15 2016"]
[Site "ÐœÐ¾Ñ�ÐºÐ²Ð°"]
[Date "2016.11.13"]
[Round "2.29"]
[White "Ivanov, Ilya"]
[Black "Nikulshin, Alexey"]
[Result "1-0"]
[WhiteElo "1628"]
[BlackElo "1348"]
[PlyCount "31"]
[EventDate "2016.11.12"]

1. d4 d5 2. c4 e6 3. Nf3 Nf6 4. Bg5 Nbd7 5. e3 Bb4+ 6. Nc3 c5 7. Bxf6 Nxf6 8.
dxc5 Qa5 9. Qb3 Ne4 10. Rc1 Nxc5 11. Qc2 Qxa2 12. cxd5 exd5 13. Bb5+ Bd7 14.
Qe2 Qa5 15. Bxd7+ Nxd7 16. Nd2 {íå ïîíÿòíî} 1-0

[Event "Moscow Chmp. b15 2016"]
[Site "ÐœÐ¾Ñ�ÐºÐ²Ð°"]
[Date "2016.11.14"]
[Round "3.1"]
[White "Tadevosjan, Melis"]
[Black "Yeritsyan, Aram"]
[Result "0-1"]
[WhiteElo "1828"]
[BlackElo "2156"]
[PlyCount "82"]
[EventDate "2016.11.12"]

1. d4 Nf6 2. c4 e6 3. Nf3 b6 4. a3 Ba6 5. Qc2 Bb7 6. Nc3 c5 7. e4 cxd4 8. Nxd4
Bc5 9. Nb3 Nc6 10. Be2 O-O 11. O-O Nd4 12. Nxd4 Bxd4 13. Bd3 Bxc3 14. bxc3 e5
15. a4 d6 16. a5 bxa5 17. Bg5 Bc6 18. Bxf6 gxf6 19. Qa2 a4 20. Rfb1 Qc7 21. f3
Rfb8 22. Bc2 Rxb1+ 23. Rxb1 Rb8 24. Rxb8+ Qxb8 25. Qb1 Qb6+ 26. Qxb6 axb6 27.
Kf2 a3 28. Bb3 Ba4 29. Ba2 Kf8 30. Ke3 Ke7 31. g3 Kd7 32. f4 Kc6 33. fxe5 fxe5
34. h4 Kc5 35. Kd2 b5 36. cxb5 Bxb5 37. Bxf7 Bc4 38. Bxc4 Kxc4 39. Kc2 a2 40.
Kb2 a1=Q+ 41. Kxa1 Kxc3 0-1

[Event "Moscow Chmp. b15 2016"]
[Site "ÐœÐ¾Ñ�ÐºÐ²Ð°"]
[Date "2016.11.14"]
[Round "3.2"]
[White "Fedorov, Nikita"]
[Black "Koldaev, Dungar"]
[Result "1/2-1/2"]
[WhiteElo "1744"]
[BlackElo "1985"]
[PlyCount "78"]
[EventDate "2016.11.12"]

1. e4 e6 2. d4 d5 3. Nd2 c5 4. Ngf3 cxd4 5. exd5 exd5 6. Nxd4 Nf6 7. Bb5+ Bd7
8. Bxd7+ Qxd7 9. O-O Be7 10. N2b3 O-O 11. Qf3 Nc6 12. Bf4 Ne4 13. Rad1 Bf6 14.
Nxc6 Qxc6 15. c3 a5 16. Qd3 a4 17. Nd4 Qb6 18. f3 Nc5 19. Qd2 Rfd8 20. Be3 Qa6
21. Nc2 Ne6 22. Qd3 Qd6 23. Qd2 Kh8 24. a3 Rd7 25. Qf2 Nf8 26. Nb4 Qe6 27. Rfe1
Qf5 28. Qc2 Qxc2 29. Nxc2 Ne6 30. Rd2 Rad8 31. Red1 Rd6 32. Nd4 Bxd4 33. Bxd4
Kg8 34. g3 f6 35. Kf2 Kf7 36. Rd3 R8d7 37. Be3 Ke7 38. Re1 Kf7 39. Red1 Ke7
1/2-1/2

[Event "Moscow Chmp. b15 2016"]
[Site "ÐœÐ¾Ñ�ÐºÐ²Ð°"]
[Date "2016.11.14"]
[Round "3.3"]
[White "Makarian, Rudik"]
[Black "Kretov, Leonid"]
[Result "1-0"]
[WhiteElo "1980"]
[BlackElo "1789"]
[PlyCount "40"]
[EventDate "2016.11.12"]

1. d4 d5 2. c4 e6 3. Nc3 Nf6 4. Bg5 Be7 5. cxd5 exd5 6. e3 O-O 7. Bd3 Nbd7 8.
Nge2 Re8 9. O-O c6 10. Qc2 Ne4 11. Bf4 Nxc3 12. Bxh7+ Kh8 13. Nxc3 g6 14. Bxg6
fxg6 15. Nxd5 Rg8 16. Nc7 g5 17. Bg3 Rb8 18. Ne6 Qe8 19. Qf5 Rg6 20. Bxb8 Nxb8
{íå ïîíÿòíî} 1-0

[Event "Moscow Chmp. b15 2016"]
[Site "ÐœÐ¾Ñ�ÐºÐ²Ð°"]
[Date "2016.11.14"]
[Round "3.4"]
[White "Kambur, Evgeny"]
[Black "Belikov, Semen"]
[Result "1/2-1/2"]
[WhiteElo "1926"]
[BlackElo "1750"]
[PlyCount "29"]
[EventDate "2016.11.12"]

1. d4 Nf6 2. Nf3 g6 3. Bf4 Bg7 4. Nbd2 O-O 5. e4 d6 6. Bd3 Nbd7 7. Qe2 c5 8. c3
cxd4 9. cxd4 Nh5 10. Be3 e5 11. O-O exd4 12. Bxd4 Nf4 13. Qe3 Nxd3 14. Bxg7
Kxg7 15. Qxd3 {íå ïîíÿòíî} 1/2-1/2

[Event "Moscow Chmp. b15 2016"]
[Site "ÐœÐ¾Ñ�ÐºÐ²Ð°"]
[Date "2016.11.14"]
[Round "3.5"]
[White "Gagarin, Vasily"]
[Black "Pontis, Stanislav"]
[Result "1/2-1/2"]
[WhiteElo "1913"]
[BlackElo "1661"]
[PlyCount "39"]
[EventDate "2016.11.12"]

1. Nf3 Nf6 2. g3 d5 3. Bg2 Bg4 4. O-O e6 5. d3 Be7 6. Nbd2 Nbd7 7. h3 Bh5 8. b3
h6 9. Bb2 O-O 10. Re1 c6 11. c3 a5 12. a4 Qb6 13. Qc2 Nc5 14. Ba3 Rfe8 15. Ne5
Ncd7 16. Nxd7 Nxd7 17. Bxe7 Rxe7 18. e4 dxe4 19. dxe4 Nc5 20. Reb1 {íå ïîíÿòíî}
1/2-1/2

[Event "Moscow Chmp. b15 2016"]
[Site "ÐœÐ¾Ñ�ÐºÐ²Ð°"]
[Date "2016.11.14"]
[Round "3.6"]
[White "Morozov, Fedor"]
[Black "Perov, German"]
[Result "0-1"]
[WhiteElo "1536"]
[BlackElo "1875"]
[PlyCount "78"]
[EventDate "2016.11.12"]

1. e4 e5 2. Nf3 Nc6 3. Bc4 Nf6 4. d3 d5 5. exd5 Nxd5 6. Bxd5 Qxd5 7. Nc3 Bb4 8.
Bd2 Bxc3 9. Bxc3 Bg4 10. Rg1 O-O-O 11. Qe2 Nd4 12. Bxd4 exd4 13. Kf1 Rhe8 14.
Qd1 Rd6 15. h3 Bh5 16. g4 Bg6 17. Rg3 h5 18. Ng1 Rde6 19. Qf3 Qa5 20. gxh5 Bxh5
21. Qf4 Qd5 22. Rg5 Re5 23. Rxe5 Rxe5 24. Re1 Rxe1+ 25. Kxe1 Qxa2 26. Nf3 Bxf3
27. Qxf3 Qxb2 28. Qxf7 Qc1+ 29. Ke2 Qxc2+ 30. Ke1 Qc1+ 31. Ke2 Qg5 32. Qe8+ Qd8
33. Qe5 g5 34. Qf5+ Kb8 35. f4 gxf4 36. Qxf4 a5 37. h4 Qd5 38. Kf2 a4 39. h5
Qb5 {íå ïîíÿòíî} 0-1

[Event "Moscow Chmp. b15 2016"]
[Site "ÐœÐ¾Ñ�ÐºÐ²Ð°"]
[Date "2016.11.14"]
[Round "3.7"]
[White "Dudin, Gleb"]
[Black "Talalov, Anton"]
[Result "1-0"]
[WhiteElo "2118"]
[BlackElo "1709"]
[PlyCount "59"]
[EventDate "2016.11.12"]

1. d4 d5 2. c4 e6 3. Nc3 Be7 4. Nf3 Nf6 5. Bf4 O-O 6. e3 c5 7. dxc5 dxc4 8.
Bxc4 Bxc5 9. O-O Nc6 10. a3 a5 11. Qe2 Qe7 12. Rfd1 e5 13. Bg5 Be6 14. Ne4 Ba7
15. Bd3 Bf5 16. Nxf6+ gxf6 17. Bxf5 fxg5 18. h4 gxh4 19. Qc4 Rad8 20. Qg4+ Kh8
21. Qh5 f6 22. Nxh4 Kg8 23. Be4 Qf7 24. Bd5 Qxd5 25. Rxd5 Rxd5 26. Nf5 Rd7 27.
Rd1 Rxd1+ 28. Qxd1 Rd8 29. Qb3+ Kf8 30. Qxb7 1-0

[Event "Moscow Chmp. b15 2016"]
[Site "ÐœÐ¾Ñ�ÐºÐ²Ð°"]
[Date "2016.11.14"]
[Round "3.8"]
[White "Pesotskiy, Mikhail"]
[Black "Maksimenko, Arseniy"]
[Result "1-0"]
[WhiteElo "2042"]
[BlackElo "1603"]
[PlyCount "71"]
[EventDate "2016.11.12"]

1. d4 Nf6 2. c4 g6 3. Nc3 Bg7 4. e4 d6 5. f3 O-O 6. Be3 Nc6 7. Qd2 a6 8. Nge2
Rb8 9. Nc1 e5 10. d5 Ne7 11. Nd3 c6 12. a4 cxd5 13. cxd5 Nd7 14. Be2 b6 15. O-O
Nc5 16. Nxc5 bxc5 17. a5 f5 18. Rfb1 f4 19. Bf2 g5 20. Na4 h5 21. Nb6 g4 22.
Nxc8 Qxc8 23. b4 Qd7 24. bxc5 Rxb1+ 25. Rxb1 dxc5 26. Bxc5 Bf6 27. Rb6 Kh7 28.
Qb4 gxf3 29. Bxf3 Rf7 30. Rxa6 Bh4 31. Ra7 Qc8 32. d6 Kg8 33. dxe7 Rxe7 34.
Rxe7 Bxe7 35. Qb3+ Kh8 36. Bxe7 1-0

[Event "Moscow Chmp. b15 2016"]
[Site "ÐœÐ¾Ñ�ÐºÐ²Ð°"]
[Date "2016.11.14"]
[Round "3.9"]
[White "Lukyanenko, Artemiy"]
[Black "Zhukov, Anton"]
[Result "1/2-1/2"]
[WhiteElo "1686"]
[BlackElo "1959"]
[PlyCount "118"]
[EventDate "2016.11.12"]

1. d4 Nf6 2. Nf3 e6 3. e3 b6 4. Bd3 Bb7 5. O-O Be7 6. c4 O-O 7. Nc3 d5 8. b3
Nbd7 9. Bd2 c5 10. cxd5 exd5 11. Ne5 Rc8 12. Bf5 cxd4 13. exd4 g6 14. Bh3 Ra8
15. Qf3 Nxe5 16. dxe5 Ne4 17. Nxe4 dxe4 18. Qc3 Ba6 19. Rfe1 Qd3 20. Bg4 Qxc3
21. Bxc3 Bd3 22. Be2 Rac8 23. Bxd3 exd3 24. Bd2 Rc2 25. Red1 Rd8 26. Kf1 Ba3
27. f4 Kf8 28. Ke1 Rd4 29. Kf2 Rd7 30. Kf3 Ke7 31. g4 f6 32. exf6+ Kxf6 33. h3
Bb2 34. Rab1 Bd4 35. a3 b5 36. Be3 Bxe3 37. Kxe3 Rh2 38. Rh1 Re2+ 39. Kf3 Re6
40. Rhe1 Ra6 41. g5+ Kf7 42. Re5 Rxa3 43. Rxb5 Ra2 44. Rd1 Rh2 45. Kg3 Rc2 46.
b4 Rc4 47. Rd2 Rc1 48. Kg2 Re1 49. Kf2 Re4 50. Kf3 Re1 51. Kf2 Rh1 52. Kg2 Rb1
53. Kf2 Rh1 54. Kg2 Re1 55. Kf2 Re6 56. Kf3 Ke7 57. Ra5 Kf7 58. Ra3 Red6 59.
Ke3 Re7+ 1/2-1/2

[Event "Moscow Chmp. b15 2016"]
[Site "ÐœÐ¾Ñ�ÐºÐ²Ð°"]
[Date "2016.11.14"]
[Round "3.10"]
[White "Agabekov, Saveliy"]
[Black "Stukan, Martin"]
[Result "0-1"]
[WhiteElo "1539"]
[BlackElo "2111"]
[PlyCount "84"]
[EventDate "2016.11.12"]

1. e4 c5 2. Nf3 d6 3. d4 cxd4 4. Qxd4 Nc6 5. Bb5 Bd7 6. Bxc6 Bxc6 7. Nc3 Nf6 8.
Bg5 e6 9. O-O-O Be7 10. Qd3 a6 11. Nd4 Bd7 12. h4 h6 13. Bxf6 Bxf6 14. g3 Qa5
15. f4 Be7 16. g4 b5 17. f5 b4 18. fxe6 fxe6 19. Nb1 O-O 20. Qb3 Qe5 21. Nf3
Qxe4 22. Nbd2 Qf4 23. g5 h5 24. g6 a5 25. Rdf1 a4 26. Qd3 b3 27. a3 Rac8 28.
Nd4 Qg4 29. Rhg1 Rxf1+ 30. Rxf1 e5 31. Ne2 Rxc2+ 32. Kb1 Qh3 33. Qd5+ Be6 34.
Qa8+ Rc8 35. Qe4 Qg4 36. Qxg4 hxg4 37. Nc3 Rxc3 38. bxc3 d5 39. Kb2 Bxh4 40.
Rh1 Bg5 41. Rf1 Bf4 42. Rg1 Kf8 {íå ïîíÿòíî} 0-1

[Event "Moscow Chmp. b15 2016"]
[Site "ÐœÐ¾Ñ�ÐºÐ²Ð°"]
[Date "2016.11.14"]
[Round "3.11"]
[White "Gornostaev, Yakov"]
[Black "Lupolov, Boris"]
[Result "0-1"]
[WhiteElo "1496"]
[BlackElo "1918"]
[PlyCount "46"]
[EventDate "2016.11.12"]

1. d4 d5 2. Nf3 c5 3. c3 Nc6 4. g3 Nf6 5. Bg2 Bf5 6. O-O e6 7. Re1 cxd4 8. Nxd4
Nxd4 9. cxd4 Be7 10. Nc3 O-O 11. Bd2 Qb6 12. e4 dxe4 13. Nxe4 Qxd4 14. Nc3 Rfd8
15. Bf4 Qb6 16. Qa4 Qxb2 17. Rac1 Rac8 18. Nb5 Rxc1 19. Rxc1 a6 20. Na7 Ng4 21.
h3 Qxf2+ 22. Kh1 b5 23. Qxa6 Be4 0-1

[Event "Moscow Chmp. b15 2016"]
[Site "ÐœÐ¾Ñ�ÐºÐ²Ð°"]
[Date "2016.11.14"]
[Round "3.12"]
[White "Balashov, Egor"]
[Black "Zhuk, Kirill"]
[Result "1/2-1/2"]
[WhiteElo "1769"]
[BlackElo "1548"]
[PlyCount "70"]
[EventDate "2016.11.12"]

1. d4 d5 2. c4 e6 3. Nf3 Nf6 4. g3 dxc4 5. Bg2 Nc6 6. O-O Rb8 7. a4 b6 8. Na3
Na5 9. Ne5 Bb7 10. Bxb7 Rxb7 11. Nexc4 Nxc4 12. Nxc4 c5 13. dxc5 Qxd1 14. Rxd1
Bxc5 15. Nd6+ Bxd6 16. Rxd6 Ke7 17. Rd3 Rd7 18. Rxd7+ Nxd7 19. a5 bxa5 20. Rxa5
Rc8 21. Bd2 Rc2 22. Bc3 Rxe2 23. Bxg7 f6 24. Rxa7 Rxb2 25. Bxf6+ Kxf6 26. Rxd7
h5 27. Rh7 Kg6 28. Ra7 Rc2 29. Ra5 Kf6 30. Kg2 Rb2 31. h4 Rc2 32. g4 Rb2 33.
Kg3 Rc2 34. f3 Rc7 35. Rxh5 Kg6 {íå ïîíÿòíî} 1/2-1/2

[Event "Moscow Chmp. b15 2016"]
[Site "ÐœÐ¾Ñ�ÐºÐ²Ð°"]
[Date "2016.11.14"]
[Round "3.14"]
[White "Kuzmishin, Leonid"]
[Black "Ajrapetov, Andrey"]
[Result "1-0"]
[WhiteElo "1733"]
[BlackElo "1499"]
[PlyCount "103"]
[EventDate "2016.11.12"]

1. e4 e5 2. Bc4 Nc6 3. d3 Nf6 4. Nc3 Bc5 5. f4 d6 6. Nf3 Ng4 7. Qe2 Bf2+ 8. Kd1
Nd4 9. Nxd4 exd4 10. h3 Qh4 11. Nd5 Kd8 12. f5 h5 13. Rf1 c6 14. hxg4 cxd5 15.
Bxd5 Bg3 16. g5 g6 17. Qf3 Qg4 18. Qxg4 hxg4 19. Ke2 Rh2 20. Rg1 gxf5 21. exf5
Bxf5 22. Bd2 Bg6 23. Raf1 Ke7 24. Bf4 Bxf4 25. Rxf4 Rc8 26. Bb3 Rc5 27. Kf2
Rxg5 28. Kg3 Rhh5 29. Rxg4 Rxg4+ 30. Kxg4 f5+ 31. Kf3 Rh4 32. Re1+ Kf6 33. g3
Bh5+ 34. Kg2 Rg4 35. Re6+ Kg7 36. Kh3 Rg6 37. Re7+ Kf6 38. Rxb7 Bg4+ 39. Kh2
Bf3 40. Rxa7 Kg5 41. Rh7 d5 42. Rh4 Bg4 43. Bxd5 f4 44. Rh8 fxg3+ 45. Kxg3 Kf6
46. Kf4 Bd1 47. Rf8+ Ke7 48. Rc8 Rf6+ 49. Ke5 Rh6 50. Kxd4 Rh4+ 51. Kc3 Kd7 52.
Rc4 1-0